000 02323nam0a2200385 4500
001 RU\NLR\bibl\1073618
005 20260407160434.0
010 _a5-7035-1768-0
_9300
021 _aRU
_b2007-13911
_9745
035 _a(NLR Aleph) 001060830
090 _a937487
_c937487
100 _a20070416d2006 |||y0rusy50 ca
101 0 _arus
102 _aRU
105 _aa |||||||||
200 1 _aПроектирование и изготовление аэрокосмических аппаратов
_e[сборник статей научно-исследовательских, проектно-конструкторских и технологических работ студентов, молодых ученых и инженеров, представленных на Всероссийский открытый конкурс, посвященный 80-летию О.С. Самойловича]
_fпод ред. проф. Ю.Ю. Комарова
210 _aМосква
_cИзд-во МАИ
_d2006
215 _a366 с.
_cил.
_d20
300 _aВ надзаг.: Фонд поддержки творч. инициатив студентов
300 _aПосвящается 80-летию Олега Сергеевича Самойловича
320 _aБиблиогр. в конце ст.
320 _aАлф. указ. авт. работ: с. 360-362
606 1 _aАвиационная техника
_jСборники
_92108247
_3RU\NLR\auth\661274354
606 1 _aКосмическая техника
_jСборники
_91391298
_3RU\NLR\auth\66584825
686 _aО52я43
686 _aО62я43
702 1 _4340
_8rus
_7ca
_aКомаров
_bЮ. Ю.
_cканд. техн. наук
_gЮрий Юрьевич
_3RU\NLR\auth\7767953
_950881
702 1 _aСамойлович
_bО. С.
_gОлег Сергеевич
_4570
711 1 2 _aВсероссийский открытый конкурс, посвященый 80-летию О. С. Самойловича
_f2006
_eМосква
_3RU\NLR\AUTH\8810098050
_9697153
712 0 2 _4570
_aФонд поддержки творческих инициатив студентов
_cМосква
_3RU\NLR\AUTH\8810049151
_9598336
801 0 _aRU
_bNLR
_c20070416
_gRCR
801 1 _aRU
_bNLR
_c20070416
942 _cBOOK
980 _aNB